Statistics for England, Scotland, or Wales ?

Click here to take the quiz!

General Stats

  • This quiz has been taken 173 times
  • The average score is 14 of 15

Answer Stats

PlacenameE / S / W% Correct
RhylW
100%
KendalE
99%
ThirskE
99%
KeithS
99%
MoffatS
98%
BroraS
98%
MoldW
98%
SettleE
96%
Three CocksW
95%
WimbishE
94%
ClovenfordsS
92%
DollarS
92%
St. DogmaelsW
91%
BittafordE
89%
Wisemans BridgeW
87%

Score Distribution

Percentile by Number Answered

Percent of People with Each Score

Your Score History

You have not taken this quiz